<?xml version="1.0" encoding="UTF-8"?>
<collection xmlns="http://www.loc.gov/MARC21/slim">
 <record>
  <leader>01100nam a22002655a 4500</leader>
  <controlfield tag="001">CEM.cems019750</controlfield>
  <controlfield tag="008">221017s2003##################000#0#####d</controlfield>
  <controlfield tag="005">20230314110004.0</controlfield>
  <datafield tag="245" ind1="1" ind2="0">
   <subfield code="a">Colón agarra viaje a toda costa /</subfield>
   <subfield code="c">Adela Basch ; ilustrado por Ricardo Fuhrmann.</subfield>
  </datafield>
  <datafield tag="260" ind1=" " ind2=" ">
   <subfield code="a">Buenos Aires :</subfield>
   <subfield code="b">Alfaguara,</subfield>
   <subfield code="c">2003.</subfield>
  </datafield>
  <datafield tag="300" ind1=" " ind2=" ">
   <subfield code="a">89 p.</subfield>
  </datafield>
  <datafield tag="490" ind1="0" ind2=" ">
   <subfield code="a">Infantil. Desde 8 años</subfield>
  </datafield>
  <datafield tag="520" ind1=" " ind2=" ">
   <subfield code="a">Colón agarra viaje a toda costa es una obra de teatro que relata -de un modo humorístico y coloquial- las imaginarias peripecias de Cristóbal Colón para conseguir el apoyo de los reyes, y su travesía por el océano.</subfield>
  </datafield>
  <datafield tag="020" ind1=" " ind2=" ">
   <subfield code="a">9505115199</subfield>
  </datafield>
  <datafield tag="100" ind1="1" ind2=" ">
   <subfield code="a">Basch, Adela</subfield>
  </datafield>
  <datafield tag="700" ind1="1" ind2=" ">
   <subfield code="a">Fuhrmann, Ricardo; il.</subfield>
  </datafield>
  <datafield tag="082" ind1="0" ind2="4">
   <subfield code="a">A862.4</subfield>
  </datafield>
  <datafield tag="653" ind1=" " ind2=" ">
   <subfield code="a">Literatura</subfield>
  </datafield>
  <datafield tag="653" ind1=" " ind2=" ">
   <subfield code="a">Literatura argentina</subfield>
  </datafield>
  <datafield tag="653" ind1=" " ind2=" ">
   <subfield code="a">Literatura infantil</subfield>
  </datafield>
  <datafield tag="653" ind1=" " ind2=" ">
   <subfield code="a">Teatro</subfield>
  </datafield>
  <datafield tag="653" ind1=" " ind2=" ">
   <subfield code="a">Teatro infantil</subfield>
  </datafield>
  <datafield tag="859" ind1=" " ind2=" ">
   <subfield code="a">CEMS</subfield>
   <subfield code="b">BIB. CEMS - Agricultura</subfield>
   <subfield code="h">A862.4</subfield>
   <subfield code="i">B29</subfield>
   <subfield code="p">A3463.23</subfield>
   <subfield code="t">Ej.1</subfield>
  </datafield>
  <datafield tag="859" ind1=" " ind2=" ">
   <subfield code="a">CEMS</subfield>
   <subfield code="b">BIB. CEMS - Inicial y Primaria</subfield>
   <subfield code="h">A862.4</subfield>
   <subfield code="i">B290-1</subfield>
   <subfield code="k">IP</subfield>
   <subfield code="p">3041</subfield>
   <subfield code="t">Ej.1</subfield>
  </datafield>
  <datafield tag="859" ind1=" " ind2=" ">
   <subfield code="a">CEMS</subfield>
   <subfield code="b">BIB. CEMS - Inicial y Primaria</subfield>
   <subfield code="h">A862.4</subfield>
   <subfield code="i">B290-1</subfield>
   <subfield code="k">IP</subfield>
   <subfield code="p">3700</subfield>
   <subfield code="t">Ej.2</subfield>
  </datafield>
 </record>
</collection>
